[Event "Ulaanbaatar Chess Day"]
[Site "Ulaanbaatar"]
[Date "2020.09.23"]
[Round "2"]
[White "Sharavdorj, Dashzeveg"]
[Black "Gunbayar, Myagmarsuren"]
[Result "1/2-1/2"]
[WhiteElo "2370"]
[BlackElo "2255"]
[PlyCount "41"]
[EventDate "2020.09.22"]
[EventType "tourn"]
[EventRounds "9"]
[EventCountry "MGL"]
[SourceTitle "CBM 198 Extra"]
[Source "ChessBase"]
[SourceDate "2020.11.30"]
[SourceVersion "1"]
[SourceVersionDate "2020.11.30"]
[SourceQuality "1"]

1. d4 d5 2. c4 c6 3. Nc3 Nf6 4. Nf3 Bf5 5. e3 e6 6. Bd3 Bxd3 7. Qxd3 Be7 8. 0-0 0-0 9. e4 Nbd7 10. e5 dxc4 11. Qxc4 Nd5 12. Nxd5 cxd5 13. Qb3 Qb6 14. Bd2 Rfc8 15. Rfc1 Qxb3 16. axb3 a6 17. Kf1 f6 18. Ke2 Kf7 19. Rxc8 Rxc8 20. Rc1 Rxc1 21. Bxc1 1/2-1/2

[Event "Belt and Road Hunan op-B"]
[Site "Changsha"]
[Date "2019.07.30"]
[Round "3"]
[White "Gunbayar, Myagmarsuren"]
[Black "Peng, Hongchi"]
[Result "1-0"]
[WhiteElo "2213"]
[BlackElo "2337"]
[PlyCount "101"]
[EventDate "2019.07.29"]
[EventType "swiss"]
[EventRounds "9"]
[EventCountry "CHN"]
[SourceTitle "EXT 2020"]
[Source "ChessBase"]
[SourceDate "2019.10.17"]
[SourceVersion "1"]
[SourceVersionDate "2019.10.17"]
[SourceQuality "1"]

1. e4 c5 2. Nf3 d6 3. d4 Nf6 4. Nc3 cxd4 5. Nxd4 a6 6. a4 e6 7. Be2 Be7 8. 0-0 0-0 9. f4 Qc7 10. Be3 Nc6 11. Kh1 Bd7 12. Bd3 Rfe8 13. Nxc6 Bxc6 14. a5 Rac8 15. Qf3 e5 16. fxe5 dxe5 17. Bb6 Qd7 18. Bc4 Bb4 19. Rad1 Qe7 20. Nd5 Bxd5 21. Bxd5 Rxc2 22. Qb3 Rec8 23. Bd8 Rxd8 24. Bxf7+ Kh8 25. Rxd8+ Qxd8 26. Qxc2 g6 27. Bd5 Bxa5 28. Bxb7 Bb6 29. Qe2 a5 30. g3 Kg7 31. Qf3 h5 32. Bd5 Bc5 33. Qb3 Bd4 34. Qb7+ Kh6 35. Qf7 Nh7 36. b3 Qc8 37. Bc4 Qg4 38. Bd5 Qe2 39. Qf3 Qc2 40. Qd1 Qxd1 41. Rxd1 Nf6 42. Kg2 Nd7 43. Rf1 Nb6 44. Bc6 Kg7 45. Be8 Nc8 46. Rf7+ Kh6 47. Rf6 Ne7 48. Re6 Bc5 49. Rxe5 Bb4 50. Re6 Kg7 51. Kf3 1-0

[Event "MGL-ch 58th"]
[Site "Tsetserleg"]
[Date "2018.05.27"]
[Round "11"]
[White "Gunbayar, Myagmarsuren"]
[Black "Enkhnar, Enkhbaatar"]
[Result "1/2-1/2"]
[WhiteElo "2265"]
[BlackElo "2401"]
[PlyCount "146"]
[EventDate "2018.05.19"]
[EventType "tourn"]
[EventRounds "11"]
[EventCountry "MGL"]
[EventCategory "2"]
[SourceTitle "EXT 2019"]
[Source "ChessBase"]
[SourceDate "2018.10.10"]
[SourceVersion "1"]
[SourceVersionDate "2018.10.10"]
[SourceQuality "1"]

1. Nf3 Nf6 2. g3 b6 3. Bg2 Bb7 4. 0-0 c5 5. c4 g6 6. e3 Bg7 7. d4 0-0 8. Nc3 Ne4 9. Qc2 Nxc3 10. bxc3 d6 11. e4 Nc6 12. d5 Na5 13. Nd2 Ba6 14. Qd3 Qd7 15. a4 e6 16. Rd1 exd5 17. exd5 Rae8 18. Bf1 Re7 19. Bb2 Rfe8 20. Qb1 h5 21. Qa2 Qf5 22. Qb1 Qd7 23. Qc2 Bh6 24. Nb3 Nxc4 25. Bc1 Bxc1 26. Qxc1 Qc8 27. a5 Ne5 28. Bxa6 Qxa6 29. axb6 Qxb6 30. Na5 c4 31. Qf4 Nd3 32. Qd4 Qxd4 33. cxd4 Re2 34. Nxc4 Nxf2 35. Rd2 Rxd2 36. Nxd2 Ne4 37. Nxe4 Rxe4 38. Ra6 Rxd4 39. Rxd6 Kg7 40. Kg2 Rd2+ 41. Kg1 a5 42. Rd8 Kf6 43. d6 Rd5 44. Ra8 Ke6 45. Ra6 Rd1+ 46. Kg2 Rd2+ 47. Kg1 Ra2 48. h3 a4 49. Kh1 a3 50. Kg1 f5 51. h4 Kd7 52. Kh1 Ke6 53. Kg1 Kf6 54. d7+ Ke7 55. Ra7 Rd2 56. Rxa3 Rxd7 57. Kf2 Rd6 58. Kf3 Kf6 59. Rb3 g5 60. hxg5+ Kxg5 61. Rb8 Rd3+ 62. Kg2 Rd6 63. Rg8+ Rg6 64. Ra8 h4 65. gxh4+ Kxh4+ 66. Kf3 Kg5 67. Rb8 Ra6 68. Rg8+ Kf6 69. Rf8+ Ke6 70. Re8+ Kf7 71. Rb8 Ra1 72. Rb6 Ra4 73. Rc6 Rb4 1/2-1/2

[Event "MGL-ch 58th"]
[Site "Tsetserleg"]
[Date "2018.05.25"]
[Round "9"]
[White "Gunbayar, Myagmarsuren"]
[Black "Bilguun, Sumiya"]
[Result "0-1"]
[WhiteElo "2265"]
[BlackElo "2481"]
[PlyCount "61"]
[EventDate "2018.05.19"]
[EventType "tourn"]
[EventRounds "11"]
[EventCountry "MGL"]
[EventCategory "2"]
[SourceTitle "EXT 2019"]
[Source "ChessBase"]
[SourceDate "2018.10.10"]
[SourceVersion "1"]
[SourceVersionDate "2018.10.10"]
[SourceQuality "1"]

1. e4 c5 2. Nf3 e6 3. d4 cxd4 4. Nxd4 a6 5. Bd3 g6 6. 0-0 Bg7 7. Be3 Nf6 8. c4 d6 9. Nc3 0-0 10. Rc1 Nbd7 11. Kh1 Qc7 12. f4 b6 13. b4 Bb7 14. Nf3 Rac8 15. Qe1 Ng4 16. Bd2 Qd8 17. Qg3 Ngf6 18. Qh3 Nh5 19. Ng5 Bf6 20. Be2 Bxg5 21. fxg5 Ne5 22. Bxh5 gxh5 23. Qxh5 Rxc4 24. Rf4 Ng6 25. Rf3 Qc7 26. Re1 Rd4 27. Be3 Qxc3 28. Rh3 Qxe1+ 29. Bg1 Nh4 30. Rxh4 Bxe4 31. Rh3 0-1

[Event "MGL-ch 58th"]
[Site "Tsetserleg"]
[Date "2018.05.22"]
[Round "5"]
[White "Gunbayar, Myagmarsuren"]
[Black "Amartuvshin, Ganzorig"]
[Result "0-1"]
[WhiteElo "2265"]
[BlackElo "2146"]
[PlyCount "134"]
[EventDate "2018.05.19"]
[EventType "tourn"]
[EventRounds "11"]
[EventCountry "MGL"]
[EventCategory "2"]
[SourceTitle "EXT 2019"]
[Source "ChessBase"]
[SourceDate "2018.10.10"]
[SourceVersion "1"]
[SourceVersionDate "2018.10.10"]
[SourceQuality "1"]

1. Nf3 Nf6 2. g3 g6 3. b3 b6 4. Bg2 Bb7 5. Bb2 Bg7 6. 0-0 0-0 7. c4 c5 8. e3 Nc6 9. d4 cxd4 10. Nxd4 Na5 11. Bxb7 Nxb7 12. Nc3 d6 13. Qe2 Qd7 14. Rad1 Nc5 15. e4 Rfe8 16. Rfe1 h5 17. f4 h4 18. Qf3 hxg3 19. hxg3 e5 20. Ndb5 exf4 21. Nxd6 Qh3 22. Nxe8 Rxe8 23. Qg2 Qxg3 24. Qxg3 fxg3 25. e5 Ng4 26. Nd5 Nf2 27. Nf6+ Bxf6 28. exf6 Rc8 29. Rd2 Ncd3 30. Re7 Rc5 31. Re3 Nxb2 32. Rxb2 Nh3+ 33. Kh1 Rg5 34. Rf3 Rg4 35. Rg2 Nf2+ 36. Kg1 Ne4 37. Rc2 Ng5 38. Rf1 Ne6 39. Kg2 Nd4 40. Rd2 Nf5 41. Re1 Kh7 42. Rh1+ Nh4+ 43. Rxh4+ Rxh4 44. Kxg3 g5 45. Rd7 Kg6 46. Rxa7 Rf4 47. Ra6 Rxf6 48. a4 Kf5 49. c5 Re6 50. Rxb6 Re3+ 51. Kf2 Rc3 52. c6 g4 53. a5 Rc2+ 54. Kf1 g3 55. a6 Kg4 56. Rb4+ Kh3 57. Rc4 Ra2 58. Rc3 Kh2 59. Rxg3 Kxg3 60. c7 Kf3 61. Ke1 Re2+ 62. Kd1 Re8 63. b4 Ke4 64. b5 Kd5 65. b6 Kc6 66. c8Q+ Rxc8 67. b7 Rd8+ 0-1

[Event "MGL-ch 58th"]
[Site "Tsetserleg"]
[Date "2018.05.20"]
[Round "2"]
[White "Munkhgal, Gombosuren"]
[Black "Gunbayar, Myagmarsuren"]
[Result "1-0"]
[WhiteElo "2435"]
[BlackElo "2265"]
[PlyCount "82"]
[EventDate "2018.05.19"]
[EventType "tourn"]
[EventRounds "11"]
[EventCountry "MGL"]
[EventCategory "2"]
[SourceTitle "EXT 2019"]
[Source "ChessBase"]
[SourceDate "2018.10.10"]
[SourceVersion "1"]
[SourceVersionDate "2018.10.10"]
[SourceQuality "1"]

1. d4 Nf6 2. Nf3 e6 3. Bf4 d5 4. e3 c5 5. c3 Nc6 6. Nbd2 Bd6 7. Bg3 0-0 8. Bd3 Re8 9. Bb5 Bxg3 10. hxg3 Qb6 11. Bxc6 bxc6 12. Qc2 Ba6 13. Ne5 h6 14. g4 Rec8 15. Nb3 cxd4 16. exd4 Ne4 17. f3 Ng3 18. Rh3 Ne2 19. g5 Nf4 20. gxh6 Rc7 21. Rh4 f6 22. Rxf4 fxe5 23. Rg4 exd4 24. cxd4 Bc4 25. Nc5 e5 26. Ne6 Re7 27. 0-0-0 c5 28. Qf5 Rb8 29. Rd2 Bd3 30. Qxd3 Qxe6 31. dxe5 d4 32. Kb1 Qxh6 33. Qc4+ Kh7 34. f4 Qh1+ 35. Qc1 Qxc1+ 36. Kxc1 Rd8 37. b3 a5 38. Rc2 Rd5 39. Rc4 Rf7 40. Rh4+ Kg6 41. Kd2 Kf5 1-0

[Event "World Amateur-ch U2300"]
[Site "Cagliari"]
[Date "2018.04.28"]
[Round "8"]
[White "Singh, Arvinder Preet"]
[Black "Gunbayar, Myagmarsuren"]
[Result "1-0"]
[WhiteElo "2084"]
[BlackElo "2265"]
[PlyCount "93"]
[EventDate "2018.04.22"]
[EventType "swiss"]
[EventRounds "9"]
[EventCountry "ITA"]
[SourceTitle "CBM 184 Extra"]
[Source "ChessBase"]
[SourceDate "2018.06.28"]
[SourceVersion "1"]
[SourceVersionDate "2018.06.28"]
[SourceQuality "1"]

1. e4 e5 2. Nf3 Nf6 3. d4 Nxe4 4. Bd3 d5 5. Nxe5 Be7 6. 0-0 0-0 7. c4 Nf6 8. Nc3 Be6 9. c5 Nfd7 10. f4 f5 11. Re1 Rf6 12. Qb3 Nc6 13. Qxb7 Ncxe5 14. fxe5 Rf8 15. Qc6 Kf7 16. Bxf5 Bxf5 17. e6+ Kg8 18. exd7 Bxd7 19. Qxd5+ Kh8 20. c6 Bh4 21. g3 Qf6 22. Ne4 Qxc6 23. Qxc6 Bxc6 24. d5 Bxd5 25. Nc3 Bxa2 26. Rxa2 Bf6 27. Be3 Rfe8 28. Bf2 Reb8 29. Rxa7 h6 30. Rxa8 Rxa8 31. Re2 Rb8 32. Bc5 Kh7 33. Ba3 Rb3 34. Rc2 Kg6 35. Kg2 Be5 36. Nd5 Rb7 37. Kf3 Kf5 38. g4+ Kg5 39. Ke4 Bd6 40. Bxd6 cxd6 41. b4 Kxg4 42. Rc7 Rb8 43. Rxg7+ Kh4 44. Kf3 Kh3 45. Rh7 Kxh2 46. Rxh6+ Kg1 47. Nf4 1-0

[Event "World Amateur-ch U2300"]
[Site "Cagliari"]
[Date "2018.04.26"]
[Round "6"]
[White "Altea, Alessandro"]
[Black "Gunbayar, Myagmarsuren"]
[Result "0-1"]
[WhiteElo "2068"]
[BlackElo "2265"]
[PlyCount "88"]
[EventDate "2018.04.22"]
[EventType "swiss"]
[EventRounds "9"]
[EventCountry "ITA"]
[SourceTitle "CBM 184 Extra"]
[Source "ChessBase"]
[SourceDate "2018.06.28"]
[SourceVersion "1"]
[SourceVersionDate "2018.06.28"]
[SourceQuality "1"]

1. e4 c5 2. Nf3 Nc6 3. d4 cxd4 4. Nxd4 Nf6 5. Nc3 e5 6. Ndb5 d6 7. Bg5 a6 8. Na3 b5 9. Bxf6 gxf6 10. Nd5 Be6 11. g3 Rc8 12. c3 Bg7 13. Bg2 0-0 14. 0-0 f5 15. f4 fxe4 16. f5 Bxd5 17. Qxd5 Ne7 18. Qxe4 d5 19. Qh4 f6 20. Rad1 Qb6+ 21. Kh1 Rfd8 22. Qb4 Bf8 23. Qb3 Kh8 24. g4 Bh6 25. Rd3 Bf4 26. Nc2 Rc4 27. Nd4 exd4 28. Rxf4 dxc3 29. Rf1 c2 30. Rc3 Rxg4 31. Qxc2 Rdg8 32. Rf2 d4 33. Rg3 Rxg3 34. hxg3 d3 35. Qd2 Rxg3 36. Rf1 Qd4 37. Re1 Nxf5 38. Re8+ Rg8 39. Rxg8+ Kxg8 40. a4 bxa4 41. Bh3 Qe4+ 42. Bg2 Ng3+ 43. Kg1 Qd4+ 44. Kh2 Ne2 0-1

[Event "Ulaanbaatar Ikh Nuudel op"]
[Site "Ulaanbaatar"]
[Date "2016.09.30"]
[Round "2"]
[White "Gunbayar, Myagmarsuren"]
[Black "Oyunbaatar, Tumendemberel"]
[Result "1-0"]
[WhiteElo "2292"]
[BlackElo "2134"]
[PlyCount "79"]
[EventDate "2016.09.29"]
[EventType "swiss"]
[EventRounds "9"]
[EventCountry "MGL"]
[SourceTitle "CBM 174 Extra"]
[Source "ChessBase"]
[SourceDate "2016.10.10"]
[SourceVersion "1"]
[SourceVersionDate "2016.10.10"]
[SourceQuality "1"]

1. e4 e5 2. Nf3 Nf6 3. Nxe5 d6 4. Nf3 Nxe4 5. d4 d5 6. Bd3 Nc6 7. 0-0 Be7 8. Re1 Bf5 9. Nc3 Nxc3 10. bxc3 Bxd3 11. Qxd3 0-0 12. Rb1 b6 13. c4 Nb4 14. Qe2 Re8 15. c3 Nc6 16. Bf4 Rc8 17. g3 dxc4 18. Qxc4 Na5 19. Qd3 Bd6 20. Ng5 g6 21. Qf3 Bxf4 22. Qxf4 Rxe1+ 23. Rxe1 Qf8 24. Ne4 Nc4 25. Nf6+ Kg7 26. d5 Nd6 27. Qe5 Kh8 28. Kg2 Qg7 29. h4 a5 30. a4 Rf8 31. g4 Nc4 32. Qd4 Rd8 33. Re7 Nd6 34. Rxc7 Ne8 35. Nxe8 Qxd4 36. cxd4 Rxe8 37. Rxf7 Rd8 38. Kf3 b5 39. axb5 Rxd5 40. b6 1-0

[Event "MGL-ch 56th"]
[Site "Uliastai"]
[Date "2016.02.18"]
[Round "4"]
[White "Gunbayar, Myagmarsuren"]
[Black "Gan Od, Sereenen"]
[Result "1/2-1/2"]
[WhiteElo "2266"]
[BlackElo "2306"]
[PlyCount "115"]
[EventDate "2016.02.16"]
[EventType "tourn"]
[EventRounds "11"]
[EventCountry "MGL"]
[EventCategory "4"]
[SourceTitle "CBM 171 Extra"]
[Source "ChessBase"]
[SourceDate "2016.04.26"]
[SourceVersion "1"]
[SourceVersionDate "2016.04.26"]
[SourceQuality "1"]

1. e4 d5 2. exd5 Qxd5 3. Nc3 Qd8 4. d4 Nf6 5. Nf3 Bg4 6. Be2 e6 7. 0-0 Be7 8. h3 Bxf3 9. Bxf3 c6 10. Bf4 Nbd7 11. Ne2 0-0 12. c4 Re8 13. Qc2 Nf8 14. Rfd1 Ng6 15. Be5 Nxe5 16. dxe5 Nd7 17. Be4 g6 18. f4 Qc7 19. Kh1 a5 20. Qc3 Nc5 21. Bc2 Rad8 22. Nd4 Rd7 23. Rd2 Na6 24. a3 Red8 25. Rad1 Qb6 26. Nf5 Rxd2 27. Nxe7+ Kf8 28. Nxg6+ hxg6 29. Rxd2 Rxd2 30. Qxd2 Kg7 31. b3 Qc5 32. Qd8 Qxa3 33. Qf6+ Kg8 34. Qd8+ Qf8 35. Qxa5 Kg7 36. Kh2 Qe7 37. Qd2 Qh4 38. g3 Qh5 39. Kg2 Qh8 40. Qd7 Nb4 41. Bd1 Qa8 42. Qd2 c5 43. h4 Nc6 44. Bf3 Nd4 45. Be4 Nxb3 46. Qd7 Qa2+ 47. Kh3 Qe2 48. Bxb7 Qxc4 49. Qe7 Qd3 50. Kh2 Nd2 51. Bg2 c4 52. Qf6+ Kg8 53. f5 gxf5 54. Qg5+ Kf8 55. h5 Nf3+ 56. Bxf3 Qxf3 57. h6 Qe2+ 58. Kg1 1/2-1/2

[Event "MGL-ch 56th"]
[Site "Uliastai"]
[Date "2016.02.17"]
[Round "3"]
[White "Gundavaa, Bayarsaihan"]
[Black "Gunbayar, Myagmarsuren"]
[Result "1-0"]
[WhiteElo "2517"]
[BlackElo "2266"]
[PlyCount "115"]
[EventDate "2016.02.16"]
[EventType "tourn"]
[EventRounds "11"]
[EventCountry "MGL"]
[EventCategory "4"]
[SourceTitle "CBM 171 Extra"]
[Source "ChessBase"]
[SourceDate "2016.04.26"]
[SourceVersion "1"]
[SourceVersionDate "2016.04.26"]
[SourceQuality "1"]

1. Nf3 Nf6 2. c4 e6 3. g3 b6 4. Bg2 Bb7 5. d4 Be7 6. 0-0 0-0 7. d5 exd5 8. Nh4 g6 9. cxd5 d6 10. Nc3 c5 11. e4 Nfd7 12. Nf3 Ne5 13. Nxe5 dxe5 14. Bh6 Re8 15. f4 Nd7 16. Qf3 Bf8 17. Bxf8 Rxf8 18. Bh3 Re8 19. f5 Rf8 20. f6 h6 21. Nd1 Kh7 22. Ne3 Bc8 23. Rad1 b5 24. Bg4 a5 25. d6 c4 26. a4 Nc5 27. Rd5 Qb6 28. Bxc8 Raxc8 29. axb5 Nd7 30. Qf2 c3 31. bxc3 Rxc3 32. Ng4 Qxf2+ 33. Rxf2 Re8 34. Rfd2 Rc4 35. Nxe5 Rxe5 36. Rxe5 Nxe5 37. d7 Nxd7 38. Rxd7 g5 39. e5 Kg6 40. e6 fxe6 41. f7 Rc8 42. b6 a4 43. Ra7 Rb8 44. f8Q Rxf8 45. Rxa4 h5 46. h3 Rb8 47. Rb4 Rb7 48. Kf2 Kf5 49. Ke3 Ke5 50. Rb5+ Kd6 51. Ke4 Kc6 52. Rb1 g4 53. hxg4 hxg4 54. Ke5 Kd7 55. Rb3 Rb8 56. b7 Ke7 57. Rb4 Kd7 58. Rxg4 1-0

[Event "MGL-ch 54th"]
[Site "Govi Altai"]
[Date "2014.04.11"]
[Round "10"]
[White "Sharavdorj, Dashzeveg"]
[Black "Gunbayar, Myagmarsuren"]
[Result "1-0"]
[WhiteElo "2426"]
[BlackElo "2367"]
[PlyCount "85"]
[EventDate "2014.04.04"]
[EventType "tourn"]
[EventRounds "13"]
[EventCountry "MGL"]
[EventCategory "4"]
[SourceTitle "CBM 159 Extra"]
[Source "ChessBase"]
[SourceDate "2014.04.24"]
[SourceVersion "1"]
[SourceVersionDate "2014.04.24"]
[SourceQuality "1"]

1. d4 d5 2. c4 c6 3. Nc3 Nf6 4. Nf3 e6 5. e3 Bd6 6. Bd3 0-0 7. e4 dxe4 8. Nxe4 Nxe4 9. Bxe4 h6 10. Bc2 c5 11. 0-0 Nc6 12. dxc5 Bxc5 13. Qe2 Qc7 14. a3 a5 15. Bd2 Bd7 16. Rab1 a4 17. Bc3 Rfd8 18. Rbd1 Bf8 19. Qe4 f5 20. Qe2 Na5 21. Ne5 Be8 22. g4 Bd6 23. gxf5 Bxe5 24. Bxe5 Qxc4 25. Bd3 Rxd3 26. Qxd3 Qxd3 27. Rxd3 Nc4 28. Bc3 exf5 29. Re1 Kf7 30. Rd5 Kg6 31. Re6+ Kf7 32. Re1 Kg6 33. Re7 Bf7 34. Rdd7 Rf8 35. Rxb7 Bd5 36. Rbd7 Be4 37. Rxg7+ Kh5 38. f4 Ne3 39. Rg3 Nd5 40. Bd2 Rc8 41. Rdg7 Kh4 42. Be1 Rc1 43. R3g4+ 1-0

[Event "MGL-ch 54th"]
[Site "Govi Altai"]
[Date "2014.04.08"]
[Round "6"]
[White "Gunbayar, Myagmarsuren"]
[Black "Munkhgal, Gombosuren"]
[Result "1-0"]
[WhiteElo "2367"]
[BlackElo "2424"]
[PlyCount "109"]
[EventDate "2014.04.04"]
[EventType "tourn"]
[EventRounds "13"]
[EventCountry "MGL"]
[EventCategory "4"]
[SourceTitle "CBM 159 Extra"]
[Source "ChessBase"]
[SourceDate "2014.04.24"]
[SourceVersion "1"]
[SourceVersionDate "2014.04.24"]
[SourceQuality "1"]

1. e4 e6 2. d4 d5 3. Nc3 Nf6 4. Bg5 Bb4 5. e5 h6 6. exf6 hxg5 7. fxg7 Rg8 8. a3 Be7 9. Qh5 Bf6 10. 0-0-0 Bxg7 11. Nf3 Rh8 12. Qg4 f5 13. Qg3 Bf6 14. Ne5 Nd7 15. f4 Nxe5 16. fxe5 Bg7 17. Bb5+ Bd7 18. Kb1 Bxb5 19. Nxb5 a6 20. Nc3 Qe7 21. Na4 b6 22. Qd3 Qd7 23. Nc3 c5 24. g4 c4 25. Qd2 f4 26. h4 gxh4 27. Qxf4 0-0-0 28. g5 Rdf8 29. Qg4 Rf5 30. Rxh4 Rxh4 31. Qxh4 b5 32. g6 a5 33. Na2 Kc7 34. Rg1 Kb6 35. Qh3 Qe7 36. Nc3 Qd7 37. a4 bxa4 38. Rf1 Rxf1+ 39. Qxf1 Kc7 40. Ka2 Kd8 41. Qh3 Ke8 42. Ne2 a3 43. Nf4 axb2 44. Qxe6+ Qxe6 45. Nxe6 Bh6 46. Kxb2 Ke7 47. Nc7 Kd7 48. Nxd5 Ke6 49. Nb6 Bf8 50. c3 Kf5 51. Nxc4 a4 52. Nb6 a3+ 53. Kb3 Kxg6 54. Nc4 Kf5 55. Nxa3 1-0

[Event "MGL-ch 54th"]
[Site "Govi Altai"]
[Date "2014.04.05"]
[Round "2"]
[White "Gunbayar, Myagmarsuren"]
[Black "Agibileg, Uurtsaikh"]
[Result "1-0"]
[WhiteElo "2367"]
[BlackElo "1819"]
[PlyCount "55"]
[EventDate "2014.04.04"]
[EventType "tourn"]
[EventRounds "13"]
[EventCountry "MGL"]
[EventCategory "4"]
[SourceTitle "CBM 159 Extra"]
[Source "ChessBase"]
[SourceDate "2014.04.24"]
[SourceVersion "1"]
[SourceVersionDate "2014.04.24"]
[SourceQuality "1"]

1. e4 c5 2. Nf3 e6 3. d4 cxd4 4. Nxd4 Nc6 5. Nxc6 bxc6 6. Bd3 Nf6 7. 0-0 d5 8. e5 Nd7 9. f4 Be7 10. c3 0-0 11. Nd2 Nc5 12. Bc2 Ba6 13. Rf3 d4 14. Bxh7+ Kxh7 15. Rh3+ Kg8 16. Qh5 f5 17. exf6 Rxf6 18. Qh7+ Kf7 19. Nf3 dxc3 20. Be3 cxb2 21. Re1 Rf5 22. Ng5+ Bxg5 23. fxg5 Qf8 24. g4 Nd3 25. gxf5 Nxe1 26. Qh5+ Kg8 27. g6 Nf3+ 28. Kf2 1-0

[Event "Asia Cities-ch 18th"]
[Site "Tagaytay City"]
[Date "2013.10.26"]
[Round "9.2"]
[White "Gunbayar, Myagmarsuren"]
[Black "Ali, Abdulkhaleq"]
[Result "1-0"]
[WhiteElo "2389"]
[BlackElo "2074"]
[PlyCount "51"]
[EventDate "2013.10.20"]
[EventType "team-swiss"]
[EventRounds "9"]
[EventCountry "PHI"]
[SourceTitle "EXT 2014"]
[Source "ChessBase"]
[SourceDate "2013.11.20"]
[SourceVersion "1"]
[SourceVersionDate "2013.11.20"]
[SourceQuality "1"]
[WhiteTeam "Ulaanbaatar"]
[BlackTeam "Abu Dhabi"]
[WhiteTeamCountry "MGL"]
[BlackTeamCountry "UAE"]

1. e4 c6 2. d4 d5 3. Nd2 dxe4 4. Nxe4 Nd7 5. Bd3 Ngf6 6. Ng5 e6 7. Qe2 Bd6 8. N1f3 h6 9. Ne4 Nxe4 10. Qxe4 Nf6 11. Qh4 Ke7 12. g4 g5 13. Qh3 c5 14. Bd2 cxd4 15. Nxd4 Bc5 16. Nb3 Bd6 17. 0-0-0 b6 18. Bc3 Bb7 19. Rhe1 Rc8 20. Bb5 Qc7 21. Kb1 Ne4 22. Bxh8 Qxc2+ 23. Ka1 Nxf2 24. Bf6+ Kxf6 25. Qxh6+ Ke7 26. Rxe6+ 1-0

[Event "Asia Cities-ch 18th"]
[Site "Tagaytay City"]
[Date "2013.10.20"]
[Round "1.2"]
[White "Hashem, Khaled"]
[Black "Gunbayar, Myagmarsuren"]
[Result "0-1"]
[WhiteElo "1997"]
[BlackElo "2389"]
[PlyCount "128"]
[EventDate "2013.10.20"]
[EventType "team-swiss"]
[EventRounds "9"]
[EventCountry "PHI"]
[SourceTitle "EXT 2014"]
[Source "ChessBase"]
[SourceDate "2013.11.20"]
[SourceVersion "1"]
[SourceVersionDate "2013.11.20"]
[SourceQuality "1"]
[WhiteTeam "Kuwait"]
[BlackTeam "Ulaanbaatar"]
[WhiteTeamCountry "KUW"]
[BlackTeamCountry "MGL"]

1. d4 d5 2. c4 c6 3. Nf3 Nf6 4. Nc3 e6 5. e3 Be7 6. Qc2 0-0 7. Bd3 Nbd7 8. 0-0 Re8 9. b3 Nf8 10. Bb2 Bd6 11. e4 dxe4 12. Nxe4 Nxe4 13. Bxe4 Qc7 14. Rad1 Bd7 15. Rfe1 Be7 16. h4 h6 17. g4 Bb4 18. Re3 f5 19. Bd3 fxg4 20. Ne5 Bd6 21. Nxg4 Qd8 22. Ne5 Qxh4 23. Qe2 c5 24. dxc5 Bxc5 25. Re4 Qg3+ 26. Kf1 Qh3+ 27. Kg1 Qg3+ 28. Kf1 Qh3+ 29. Kg1 Bc6 30. Nxc6 bxc6 31. b4 Bd6 32. Be5 Bxe5 33. Rxe5 Qh4 34. Qe4 Qf6 35. Re1 Rac8 36. c5 Red8 37. Bc4 Rd2 38. Qe3 Qg6+ 39. Kf1 Qc2 40. Bb3 Qd3+ 41. Qxd3 Rxd3 42. Bxe6+ Nxe6 43. Rxe6 Ra3 44. Re8+ Rxe8 45. Rxe8+ Kf7 46. Rc8 Ra6 47. a4 Rxa4 48. Rxc6 Rxb4 49. Rc7+ Kf6 50. Rxa7 Rc4 51. Rc7 h5 52. c6 h4 53. Rc8 Kg5 54. c7 Kg4 55. Kg2 Rc2 56. Rf8 Rxc7 57. f3+ Kg5 58. Kh3 Rc3 59. Kg2 Rc6 60. Kh3 Rf6 61. Rxf6 gxf6 62. f4+ Kxf4 63. Kxh4 f5 64. Kh3 Kf3 0-1

[Event "MGL-ch 53rd"]
[Site "Ulaanbaatar"]
[Date "2013.04.08"]
[Round "6"]
[White "Munkhgal, Gombosuren"]
[Black "Gunbayar, Myagmarsuren"]
[Result "0-1"]
[WhiteElo "2424"]
[BlackElo "2351"]
[PlyCount "106"]
[EventDate "2013.04.06"]
[EventType "tourn"]
[EventRounds "13"]
[EventCountry "MGL"]
[EventCategory "3"]
[SourceTitle "CBM 153 Extra"]
[Source "ChessBase"]
[SourceDate "2013.04.22"]
[SourceVersion "1"]
[SourceVersionDate "2013.04.22"]
[SourceQuality "1"]

1. d4 Nf6 2. c4 g6 3. Nc3 Bg7 4. e4 d6 5. f3 0-0 6. Be3 c5 7. Nge2 Nc6 8. d5 Ne5 9. Ng3 h5 10. Be2 e6 11. 0-0 exd5 12. cxd5 Nh7 13. h3 h4 14. Nh1 g5 15. Nf2 Ng6 16. Qd2 Rb8 17. a4 Re8 18. Bb5 Rf8 19. Bd3 Be5 20. Ne2 Qf6 21. Ng4 Bxg4 22. fxg4 Qe7 23. Rf5 f6 24. Rc1 Rfc8 25. Rff1 a6 26. a5 b5 27. axb6 Rxb6 28. b4 Rxb4 29. Qxb4 cxb4 30. Rxc8+ Nhf8 31. Bxa6 b3 32. Rc6 b2 33. Bd3 Qb7 34. Rb6 Qa7 35. Bf2 Qa3 36. Bc2 Nd7 37. Rc6 Qb4 38. Bb1 Nc5 39. Rc8+ Kg7 40. Rc7+ Kh6 41. Rd1 Qb8 42. Rf7 Qb3 43. Rd4 Nxe4 44. Rd3 Qc4 45. Be3 Nc5 46. Rc7 Qe4 47. Rxc5 dxc5 48. Kf2 c4 49. Rd1 Bg3+ 50. Nxg3 hxg3+ 51. Kg1 Qxe3+ 52. Kh1 Qc1 53. Rg1 Nf4 0-1

[Event "MGL-ch 53rd"]
[Site "Ulaanbaatar"]
[Date "2013.04.07"]
[Round "4"]
[White "Bayarkhuu, Hurelchuluun"]
[Black "Gunbayar, Myagmarsuren"]
[Result "0-1"]
[WhiteElo "1908"]
[BlackElo "2351"]
[PlyCount "161"]
[EventDate "2013.04.06"]
[EventType "tourn"]
[EventRounds "13"]
[EventCountry "MGL"]
[EventCategory "3"]
[SourceTitle "CBM 153 Extra"]
[Source "ChessBase"]
[SourceDate "2013.04.22"]
[SourceVersion "1"]
[SourceVersionDate "2013.04.22"]
[SourceQuality "1"]

1. d4 Nf6 2. c4 e6 3. Nf3 b6 4. g3 Bb7 5. Bg2 Bb4+ 6. Bd2 Bxd2+ 7. Qxd2 0-0 8. 0-0 d6 9. Rd1 Qe7 10. Nc3 Nbd7 11. b4 c5 12. dxc5 dxc5 13. b5 Rad8 14. Qc2 Bxf3 15. exf3 Ne5 16. Qe2 Qc7 17. f4 Ng6 18. h3 Rd4 19. Rxd4 cxd4 20. Na4 Rd8 21. Rd1 e5 22. f5 Nf8 23. Nb2 N8d7 24. g4 h6 25. h4 Nc5 26. g5 hxg5 27. hxg5 Nh7 28. Qg4 Qe7 29. f6 Qe6 30. Qg3 Qf5 31. Re1 Qxg5 32. Qxg5 Nxg5 33. Rxe5 Nge6 34. fxg7 Kxg7 35. Kf1 Kf6 36. Rd5 Rxd5 37. cxd5 Nc7 38. a4 d3 39. Ke1 Ke5 40. Kd2 Kd4 41. d6 N7e6 42. d7 Nb3+ 43. Kd1 Kc3 44. Bd5 Nbc5 45. Nc4 Nxd7 46. a5 Kd4 47. axb6 axb6 48. Ne3 Ne5 49. Kd2 Nc5 50. Ke1 Kc3 51. Kd1 Na4 52. Ke1 f6 53. f4 Ng6 54. Kf2 Nxf4 55. Bf3 Kd4 56. Nf5+ Ke5 57. Ne7 Kd4 58. Nf5+ Kc3 59. Nd6 Kc2 60. Ke3 Ne6 61. Be4 Nec5 62. Bg6 Kc3 63. Bh5 Nb2 64. Ne8 Nc4+ 65. Kf4 Ne6+ 66. Ke4 f5+ 67. Kxf5 Nd4+ 68. Ke4 Nxb5 69. Kd5 Nd4 70. Nf6 Ne3+ 71. Ke5 Ndf5 72. Ne4+ Kc2 73. Kf4 d2 74. Nf2 b5 75. Be8 b4 76. Ba4+ Kc3 77. Ke4 Kc4 78. Bd7 Ng4 79. Be6+ Kc3 80. Nd1+ Kc2 81. Bxf5 0-1